01033 2200337 4500001002100000005001500021007000300036008004100039020002200080035002000102040001700122041000800139082001200147084001800159090002300177100003100200245012600231250001200357264004000369300003700409336002100446337003000467338002300497500003300520650001700553700003500570700004400605850001000649990001600659990002000675INLIS00000000000611120260419125537ta260419 0  a978-602-9106-10-7 a0010-0322000355 aSBPUPADbInd0 aInd a371.102 a371.102 SUR p a371.102 SUR p 6-100 aAsyraf SuryandiePengarang1 aPengembangan Profesi Guru :bPenelitian Tindakan Kelas /cAsyraf Suryandi;Pengarang ke-2,Tien Rostini;Editor,Rissa Yanuar a.-Cet 1 a.--Bandung :bCV.Amalia Book,c2011 aviii,104 hal. :bIllus. ;c25 cm 2rdacontentaTeks 2rdamediaaTanpa Perantara 2rdacarrieravolume aTentang Penulis ,hlm 103-104 4aProfesi Guru0 aEditor,Rissa YanuarePengarang0 aPengarang ke-2, Tien RostiniePengarang aPUPAD a00000041048 a077/S/KAPD/2012